Shiksha shiksha tattva (Record no. 1951)

MARC details
000 -LEADER
fixed length control field 00539cam a2200205ua 4500
001 - CONTROL NUMBER
control field 2084
005 - DATE AND TIME OF LATEST TRANSACTION
control field 20260515113438.0
008 - FIXED-LENGTH DATA ELEMENTS--GENERAL INFORMATION
fixed length control field 110804n ii |||gr||||Z||||||asm
040 ## - CATALOGING SOURCE
Transcribing agency MAIN
082 ## - DEWEY DECIMAL CLASSIFICATION NUMBER
Classification number 370.1
100 ## - MAIN ENTRY--PERSONAL NAME
Personal name Hazarika, Ghana,
Relator term Author.
245 1# - TITLE STATEMENT
Title Shiksha shiksha tattva
Statement of responsibility, etc. by Ghana Hazarika
260 ## - PUBLICATION, DISTRIBUTION, ETC.
Place of publication, distribution, etc. Dibrugarh:
Name of publisher, distributor, etc. Banalata,990.
Place of publication, distribution, etc. Guahati:
300 ## - PHYSICAL DESCRIPTION
Extent 104p:
Dimensions 23cm.
653 ## - INDEX TERM--UNCONTROLLED
Uncontrolled term Education
653 ## - INDEX TERM--UNCONTROLLED
Uncontrolled term Shiksha shiksha tattva
700 ## - ADDED ENTRY--PERSONAL NAME
Personal name Sharma, Tarun,
Relator term Author.
700 ## - ADDED ENTRY--PERSONAL NAME
Personal name Thakur, Sabita,
Relator term Author.
942 ## - ADDED ENTRY ELEMENTS (KOHA)
Koha item type Books
Holdings
Withdrawn status Lost status Damaged status Not for loan Home library Current library Shelving location Date acquired Total checkouts Full call number Barcode Date last seen Date last checked out Copy number Price effective from Koha item type
        Naharkatiya College Library Naharkatiya College Library General stacks 09/19/2020 1 370.1 | THA 11555 10/30/2023 10/19/2023 1 09/19/2020 Books